000 00870nam a2200241Ia 4500
003 OSt
005 20220923212449.0
006 a|||||r|||| 00| 0
007 ta
008 220922b |||||||| |||| 00| 0 hin d
024 _a153,231
037 _cTextual
040 _aARTS
_cARTS
_bhin
041 _2hin
_ahin
082 _aO145,3N09,1, 152L8
100 _aआन्द्जेयेव्स्की, येर्जी
_9162516
245 0 _aराख और हीरे, रधुवीर सहाय अनु
246 _aRākh aur hīre, radhuvīr sahāya anu0
260 _aनई दिल्ली
_b साहित्य अकादेमी
_c1978
300 _a248 पृ.
_ccm.
942 _hO145,3N09,1, 152L8
_cTEXL
_2CC
999 _c308878
_d308878